| 000 | 00650nam a22001937a 4500 | ||
|---|---|---|---|
| 999 |
_c173961 _d173961 |
||
| 005 | 20200313124817.0 | ||
| 010 | _aENG-128021 | ||
| 020 |
_a9789389146554 _c350.00 |
||
| 035 | _aEN-111553 | ||
| 037 | _bDBAD/PUB | ||
| 082 | _a363.34 | ||
| 100 | _aV. Shiv Shankar | ||
| 245 |
_aAndaman Nicobar Islands Cradle of Multi-Disasters/ _cby V. Shiv Shankar |
||
| 260 |
_aMadurai _bShanlax Publications _c2019 |
||
| 270 |
_a61,66 T.P.K. Main Road, Vasantha Nagar _bMadurai _e625003 _k0452-4208765 _mpublisher@shanlaxpublications.com |
||
| 300 |
_a139p. _c22cm (pbk) |
||
| 500 | _aIncludes Bibliographies | ||
| 942 |
_2ddc _cEN _h363.34 _mSHI |
||